书目信息 |
| 题名: |
广播新闻与音响报道
|
|
| 作者: | 周小普 著 | |
| 分册: | ||
| 出版信息: | 北京 中国人民大学出版社 2001 |
|
| 页数: | 268页 | |
| 开本: | 23cm | |
| 丛书名: | ||
| 单 册: | ||
| 中图分类: | G220 , G222 | |
| 科图分类: | ||
| 主题词: | 广播--新闻学--教材 , 录音报道--教材 , CT--S028257--广播 , CT--S083416--新闻学 , CT--S049297--录音报道 | |
| 电子资源: | ||
| ISBN: | 7-300-03741-0 | |
| 000 | 00932nam0 2200301 45 | |
| 001 | 012001063270 | |
| 005 | 20091207095643.23 | |
| 010 | @a7-300-03741-0@dCNY24.00 | |
| 100 | @a20010809d2001 em y0chiy0110 ea | |
| 101 | 0 | @achi |
| 102 | @aCN@b110000 | |
| 105 | @ay z 000yy | |
| 106 | @ar | |
| 200 | 1 | @a广播新闻与音响报道@9guang bo xin wen yu yin xiang bao dao@f周小普著 |
| 210 | @a北京@c中国人民大学出版社@d2001 | |
| 215 | @a268页@d23cm | |
| 300 | @a21世纪新闻传播学系列教材 | |
| 330 | @a本书介绍了广播的产生及发展,广播的性质及特点,广播节目的发展变化,广播节目类别与音响报道,谈话的采录等内容。 | |
| 606 | 0 | @a广播@x新闻学@j教材 |
| 606 | 0 | @a录音报道@j教材 |
| 606 | 0 | @2CT@3S028257@a广播 |
| 606 | 0 | @2CT@3S083416@a新闻学 |
| 606 | 0 | @2CT@3S049297@a录音报道 |
| 690 | @aG220@v4 | |
| 690 | @aG222@v4 | |
| 701 | 0 | @a周小普@9zhou xiao pu@4著 |
| 801 | 0 | @aCN@bNLC@c20091207 |
| 905 | @b20796624-28@dG220@e68@f5 | |
| 广播新闻与音响报道/周小普著.-北京:中国人民大学出版社,2001 |
| 268页;23cm |
| 21世纪新闻传播学系列教材 |
| ISBN 7-300-03741-0:CNY24.00 |
| 本书介绍了广播的产生及发展,广播的性质及特点,广播节目的发展变化,广播节目类别与音响报道,谈话的采录等内容。 |
| ● |
| 相关链接 |
|
|
|
|
正题名:广播新闻与音响报道
索取号:G220/68
 
预约/预借
| 序号 | 登录号 | 条形码 | 馆藏地/架位号 | 状态 | 备注 |
| 1 | 796624 | 207966245 | 第一样本阅览室/ [索取号:G220/68] | 在馆 | |
| 2 | 796625 | 207966254 | 第四借阅区/ [索取号:G220/68] | 在馆 | |
| 3 | 796626 | 207966263 | 第四借阅区/ [索取号:G220/68] | 在馆 | |
| 4 | 796627 | 207966272 | 第四借阅区/ [索取号:G220/68] | 在馆 | |
| 5 | 796628 | 207966281 | 密集书库-文学院/ [索取号:G220/68] | 在馆 |